Myanmar in Images - Statistics

General Stats
  • This quiz has been taken 36 times
  • The average score is 9 of 16
Answer Stats
Picture Hint Answer % Correct
Capital Naypyidaw
97%
Largest City Yangon
94%
Language / Script Burmese
87%
National animal Green Peafowl
71%
River Irrawaddy River
71%
Politician Aung San Suu Kyi
68%
Palace Mandalay Palace
68%
Ancient City Bagan
58%
Currency Kyat
55%
Traditional cloth Longyi
55%
National Dish Mohinga
48%
Pagoda Shwedagon Pagoda
48%
Instrument Burmese Harp / Saung
42%
Salad / with these leaves Lahpet Thoke / Tea
35%
National Sport Chinlone
29%
"National" flower Burma Padauk
23%
No matching quizzes found
Score Distribution
Percent of People with Each Score
Percentile by Number Answered
Your Score History
You have not taken this quiz